The Great White South or with Scott in the Antarctic: Being an account of experiences with Captain Scott's South Pole expedition and of the nature life of the Antarctic by Herbert G. Ponting, F.R.G.S.

Guardat en:
Dades bibliogràfiques
Autor principal: Ponting, Herbert G. (Autor)
Format: Llibre
Idioma:anglès
Publicat: Londres Duckword & Co 1923
Edició:3a. ed
Matèries:
Etiquetes: Afegir etiqueta
Sense etiquetes, Sigues el primer a etiquetar aquest registre!

MARC

LEADER 00000nam a2200000 a 4500
001 UCJ5379
003 CL-VaPUC
008 070124e19230000UK |||||||||||||||||eng|d
082 0 4 |a 910.4  |b PON  |2 21 
100 0 |a Ponting, Herbert G.  |e author  |9 510503 
245 1 4 |a The Great White South or with Scott in the Antarctic: Being an account of experiences with Captain Scott's South Pole expedition and of the nature life of the Antarctic by Herbert G. Ponting, F.R.G.S. 
250 |a 3a. ed 
300 |a xxvi, 306 p 
942 |c BK 
945 |d 20070124 00:00:00  |a rinostro 
260 |a Londres  |b Duckword & Co   |c 1923 
500 |a p. 6, fotografía del Capitán Scott, numerosas fotografías de la expedición y nómina de los miembros de la misma 
600 0 7 |a SCOTT, ROBERT FALCON  |2 CL-VaPUC  |9 509482 
600 0 7 |a SCOTT, KATHLEEN  |2 CL-VaPUC  |9 510504 
650 0 |a Viajes  |9 257115 
650 0 |a Geografía  |9 259346 
650 7 |a GLACIOLOGIA  |2 CL-VaPUC  |9 330910 
650 7 |a FAUNA  |2 CL-VaPUC  |9 349523 
650 0 |a Mapas  |9 260844 
650 0 |a Ilustraciones  |9 369481 
650 0 |a Iconografía   |9 267998 
651 0 |a Polo Sur   |9 262122 
651 0 |a Antártica (Antártida)  |9 324088 
583 |a last modification  |c 20130628 04:39:47  |k Rodrigo Vera 
999 |c 321488  |d 321486 
952 |0 0  |1 0  |4 0  |6 910_400000000000000_PON_1923  |7 0  |8 X  |9 400248  |a FDOBUD  |b FDOBUD  |d 2019-11-22  |i 1033913  |o 910.4 PON 1923  |p 1033913  |r 2019-11-22  |w 2019-11-22  |y BK_X  |k BUD